Epistemologies et sciences de gestion

Αποθηκεύτηκε σε:
Λεπτομέρειες βιβλιογραφικής εγγραφής
Κύριος συγγραφέας: Martinet, Alain Charles 1947-
Μορφή: Βιβλίο
Γλώσσα:English
Δημοσίευση: Paris : Economica, Gestion, 1990
Σειρά:Collection Gestion (Economia (Firm)). Serie Politique generale, finance et marketing
Θέματα:
Ετικέτες: Προσθήκη ετικέτας
Δεν υπάρχουν, Καταχωρήστε ετικέτα πρώτοι!

MARC

LEADER 00000nam a2200000 i 4500
001 1/59138
008 980528s1990 eng d
020 |a 2717819320 
035 |l 10028489 
040 |a GR-MY-UA  |b gre  |e aacr 
041 0 |a eng 
082 0 |a 658 
100 1 |a Martinet, Alain Charles  |d 1947- 
245 1 0 |a Epistemologies et sciences de gestion /  |c Alain Charles Martinet 
260 |a Paris :   |b Economica,   |b  Gestion,   |c 1990 
300 |a 249 p. 
490 1 |a Collection Gestion. Serie Politique generale, finance et marketing 
650 0 0 |a Management. 
830 0 |a Collection Gestion (Economia (Firm)). Serie Politique generale, finance et marketing 
852 |a INST  |b CHIOS  |e 19980528  |h 658 MAR  |p 005200016413  |q 005200016413  |t BK  |y 0 
901 |a BIBL-1998-2 
909 |a Χ  |b 056107 
922 |a 2ΕΛΗ  |b 199804  |c ΤΔΕ  |d ΠΑΠΑΣΩΤΗΡΙΟΥ